LEADER 00995nam a2200253 i 4500 001 000000237795 003 CaOOAMICUS 005 20150112000000.0 008 150112s1969 it u000 u ita u 013 $a216700 040 $aSeMil$bita 100 1 $aColletti, Lucio,$d<1924-2001>.$0(OLS)http://semarc/name/8747 245 10$aIdeologia e societą /$cLucio Colletti. 260 $aBari :$bLaterza,$cstampa 1969. 300 $aV, 321 p. ;$c18 cm. 490 0 $aUniversale Laterza ;$v121 650 4$aSociologia.$0(OLS)http://semarc/subject/3570 650 4$aSocietą - Sec. 20.$0(OLS)http://semarc/subject/6215 650 4$aIdeologia.$0(OLS)http://semarc/subject/9594 830 0$aUniversale Laterza ;$v121.$0(OLS)http://semarc/title/6923 850 $aSeMil 852 $aSeMil$W1$xVenegono$y1$m3N I 252$j188141$B188141$CSeMilBibl$Z2$F198938 $81 996 $6245$aIdeologia e societą$9(OLS)http://semarc/title/338989 996 $6260$aBari :$bLaterza$9(OLS)http://semarc/publisher/29858 LEADER 01156nam a2200241 i 4500 001 000000083595 003 CaOOAMICUS 005 20190411173558.0 008 180830s1974 xx u000 u und u 013 $a55835 040 $aSeMil$bita 100 1 $aAmato, Giuliano,$d<1938- >.$0(OLS)http://semarc/name/44869 245 13$aLa congiuntura pił lunga :$bmateriali per una analisi della politica economica italiana : 1972-1974 /$c [contributi di Michele Salvati ... et al.]. 260 $aBologna :$bIl Mulino,$c1974. 300 $a487 p. ;$c22 cm 500 $aRelazioni Sociali. 9/11 maggio-Agosto 1974 650 4$aItalia - Economia - Storia - Sec. 20.-21.$0(OLS)http://semarc/subject/16173 650 4$aItalia - Politica - Sec. 20. - Saggi.$0(OLS)http://semarc/subject/14934 850 $aSeMil 852 $aSeMil$W1$xVenegono$y1$m3M II 264$j213060$B48142$CSeMilBibl$Z2$F51194 $81 996 $6245$aLa congiuntura pił lunga :$bmateriali per una analisi della politica economica italiana : 1972-1974$9(OLS)http://semarc/title/130596 996 $6260$aBologna :$bIl Mulino$9(OLS)http://semarc/publisher/29842